Регионална библиотека "Любен Каравелов" - Русе

Д. И. Менделеев (1834 - 1907) (Запис номер 171360)

MARC детайли
000 -Лидер
Контролно поле с фиксирана дължина 01995nam a2200421 c 4500
003 - Код на организацията, давaща контролен номер
Контролно поле BLK
005 - Дата и час на последна редакция
Контролно поле 20220629151936.0
008 - Елементи от данни с фиксирана дължина
fixed length control field 180411b bul|||||r ||||||| ||bul||
010 ## - Наследен системен номер
LC control number KNG00179623000
040 ## - Източник на каталожния запис
Идентификатор на билиотеката - собственик на записа BLK
041 ## - Код за език
Код за езика на текст/звукозапис или на отделно заглавие Български
Код за езика КДБФ Български
080 ## - УДК
Текстов определител УДК Химия. Кристалография. Минералогия. Вж и 577.1; 66; 612.015; 631.41
УДК код - определител по УДК 54
УДК определител (470)(092)
УДК - код + определител 54(470)(092)
080 ## - УДК
Текстов определител УДК Руски учен-енциклопедист - химик, физик, икономист, технолог, геолог, метеоролог, педагог и въздухоплавател
УДК код - определител по УДК 929 Менделеев, Дмитрий Иванович
УДК определител
УДК - код + определител 929 Менделеев, Дмитрий Иванович
100 1# - Редна дума - Автор
Автор Николова, Рада
Пълна форма на името Ганчева, Рада Николова
R(LIN) 269252
139 ## - Редно поле
Редна дума Николова, Рада
Авторски знак Мен - М 48
245 10 - Сведения за заглавието
Заглавие Д. И. Менделеев (1834 - 1907)
Подзаглавни данни [Биогр. очерк]
Редно поле (дума) Рада Николова; * Рада Николова Ганчева.
257 ## - Страна на издаване
Страна на създаване/издаване България
260 ## - Област на издателските данни
-- София
Име на издателя, разпространителя и проч. Нар. просв.
Година на издаване 1962
300 ## - Физическа характеристика
Страници 74 с., 1 л.
Илюстрации и др. портр.
Размери/Мащаб 25 см
380 ## - Жанр
Жанр Естествени науки. Математика
490 1# - СЕРИИ (Колекции)
Име на серия Бележити хора на науката
500 ## - Общи забележки
Забележка Пълното име на авт. е Рада Николова Ганчева. - 7 078 тир.
600 14 - Име на лице, използвано като предмет
За него / За нея Менделеев, Дмитрий Иванович
9 (RLIN) 224419
650 #4 - Допълнително описание по предмет – тема
Основно описание – тема или топоним Менделеев, Дмитрий Иванович
9 (RLIN) 224419
650 #4 - Допълнително описание по предмет – тема
Основно описание – тема или топоним Химици, руски
9 (RLIN) 338898
650 #4 - Допълнително описание по предмет – тема
Основно описание – тема или топоним Химици - биографии
9 (RLIN) 290402
651 #4 - Допълнително описание по предмет - топоним
Географско понятие Русия
9 (RLIN) 179465
653 ## - Ключова дума – ненормативна
Ключова дума Дмитрий Менделеев
653 ## - Ключова дума – ненормативна
Ключова дума руски химици
653 ## - Ключова дума – ненормативна
Ключова дума прочути личности
653 ## - Ключова дума – ненормативна
Ключова дума биографии
700 1# - Други автори (авторска отговорност)
Лично име Ганчева, Рада Николова
Автороска отговорност (Описва отношението между автора и произведението) *
9 (RLIN) 338897
852 ## - Местоположение
Форматна сигнатура Цб 24676
856 4# - Електронен адрес и достъп
Електронен формат pdf - файл
Път до файла /url/
856 4# - Електронен адрес и достъп
Електронен формат pdf - файл
Път до файла /url/
942 ## - АРТИКУЛИ
Вид на библиотечния материал Книги
Скрит в OPAC Не
944 ## - СЪЗДАВАНЕ И РЕДАКЦИЯ на ЗАПИСА
Създаване/Редакция Създаване
Дата на регистрацията/редакция 12.08.2015
Статус, дата на статуса ф /
Служител, извършил регистрацията/редакцията Людмила_Стоянова
944 ## - СЪЗДАВАНЕ И РЕДАКЦИЯ на ЗАПИСА
Създаване/Редакция Редакция
Дата на регистрацията/редакция 12.08.2015
Статус, дата на статуса ф /
Служител, извършил регистрацията/редакцията Людмила_Стоянова
999 ## - СИСТЕМНИ КОНТРОЛНИ НОМЕРА
Koha biblionumber 171360
Koha biblioitemnumber 171360
Наличности
Код за отписване Код за изгубен артикул Източник на класификационната схема Код за повреда Коз за рестрикции Код за отдаване Артикулен № Име на библиотеката - собственик Име на библиотеката, в която се намира в момента Статус (Текущо местоположение) Дата на вписване в системата Местоположение - отдел Цена в лева Инвентарен номер Систематично азбучна сигнатура Баркод Номер на екземпляра Цена в евро Служебна бележка Служебен тип на артикула
  Не е изгубен Universal Decimal Classification Не е повреден без рестрикции ползва се в читалня 291348 Регионална библиотека "Любен Каравелов" Русе Регионална библиотека "Любен Каравелов" Русе Хранилище 1962-01-01 Хранилище 0.14 18532/62 Цб 24676 900000090094 1 0.07 Дост: Dp Вид: Д N: стар фонд Дата: 01.01.1962 Книги
Изтеглен Не е изгубен Universal Decimal Classification Не е повреден без рестрикции заемане за дома 291349 Регионална библиотека "Любен Каравелов" Русе Регионална библиотека "Любен Каравелов" Русе Заемна - подръчен фонд 1962-01-01 Заемна - подръчен фонд 0.00 16629/62 П 54(092)/М 48 16629/62 2 0.00 Дост: Pk Вид: Ф N: стар фонд Дата: 01.01.1962 Книги
Изтеглен Не е изгубен Universal Decimal Classification Не е повреден без рестрикции заемане за дома 291350 Регионална библиотека "Любен Каравелов" Русе Регионална библиотека "Любен Каравелов" Русе Заемна - подръчен фонд 1962-01-01 Заемна - подръчен фонд 0.14 16632/62 П 54(092)/М 48 16632/62 3 0.07 Дост: Pk Вид: Ф N: стар фонд Дата: 01.01.1962 Дата инв: 02.02.2018 Бележки инв: П2018 Книги
Изтеглен Не е изгубен Universal Decimal Classification Не е повреден без рестрикции заемане за дома 291351 Регионална библиотека "Любен Каравелов" Русе Регионална библиотека "Любен Каравелов" Русе Детски отдел 1962-01-01 Детски отдел 0.14 17024/62 ДН 54(092)/М 48 17024/62 4 0.07 Дост: Pk Вид: Ф N: стар фонд Дата: 01.01.1962 Дата инв: 01.10.2015 Бележки инв: Д2015 Книги
Vip Innovations Ltd, Rousse, Bulgaria 2025